| 000 | 00840cab a2200241 4500 | ||
|---|---|---|---|
| 001 | ABS58339 | ||
| 008 | 090401t1998 xxu||||| |||| 00| 0 eng d | ||
| 035 | _a(Sirsi) u84453 | ||
| 041 | _aeng | ||
| 100 | _aMedvedev, Z. | ||
| 245 | _aRussia`s family farm experiment goes awry | ||
| 260 | _c1998 | ||
| 350 | _a0 | ||
| 490 |
_aFarmers' Weekly _v128(7) 13 February 1998, 75-77(3) |
||
| 520 | _aReviews the attempts of Russia`s farming system to overcome its inefficiencies. Concludes that due to a sharp decline in livestock numbers and food consumption and a surplus of grain, Russian agriculture could finally be turning the corner. | ||
| 650 | _aCOLLECTIVE FARMING | ||
| 650 | _aFORMER SOVIET UNION | ||
| 650 | _aMICRO-FARMS | ||
| 650 | _aRUSSIA | ||
| 690 | _aOVERSEAS-REST OF THE WORLD | ||
| 942 | _n0 | ||
| 948 | _c24/02/1998 | ||
| 999 |
_c53070 _d53070 |
||